Statistics for Amtrak Train Stations by Abbreviation

Click here to take the quiz!

General Stats

  • This quiz has been taken 18 times
  • The average score is 17 of 22

Answer Stats

HintAnswer% Correct
ABQAlbuquerque, NM
100%
JAXJacksonville, FL
100%
OKCOklahoma City, OK
94%
VANVancouver, WA
94%
FTLFort Lauderdale, FL
88%
HOSHouston, TX
88%
KCYKansas City, MO
88%
PGHPittsburgh, PA
88%
ROCRochester, NY
88%
WILWilmington, DE
88%
TOPTopeka, KS
81%
CLTCharlotte, NC
75%
ELPEl Paso, TX
75%
LSVLas Vegas, NV
75%
MTRMontreal, QC
75%
IRVIrvine, CA
69%
YNYYonkers, NY
63%
DNCDurham, NC
50%
GRRGrand Rapids, MI
50%
SASSan Antonio, TX
50%
BRPBridgeport, CT
38%
QANQuantico, VA
38%

Score Distribution

Percentile by Number Answered

Percent of People with Each Score

Your Score History

You have not taken this quiz